[Event "ITA-ch U20 81st"]
[Site "Cagliari"]
[Date "2022.11.22"]
[Round "6"]
[White "Rindone, Andrea"]
[Black "Bettalli, Francesco"]
[Result "1-0"]
[WhiteElo "2104"]
[BlackElo "2211"]
[PlyCount "67"]
[EventDate "2022.11.17"]
[EventType "tourn"]
[EventRounds "7"]
[EventCountry "ITA"]
[SourceTitle "CBM 211 Extra"]
[Source "ChessBase"]
[SourceDate "2023.01.31"]
[SourceVersion "1"]
[SourceVersionDate "2023.01.31"]
[SourceQuality "1"]

1. e4 e5 2. Nf3 Nc6 3. Bb5 a6 4. Ba4 Nge7 5. 0-0 g6 6. c3 Bg7 7. h3 0-0 8. d4 exd4 9. cxd4 b5 10. Bc2 d6 11. Nc3 Bb7 12. Re1 Na5 13. Bg5 h6 14. Bh4 Qd7 15. Qd3 Rae8 16. Rac1 Nc4 17. b3 Na3 18. Bd1 b4 19. Na4 f5 20. e5 Nd5 21. Qd2 Nb5 22. Be2 Nbc3 23. Bc4 Nxa4 24. bxa4 g5 25. Qxb4 c5 26. Qb3 dxe5 27. dxe5 Rd8 28. Rcd1 Rfe8 29. e6 Rxe6 30. Rxe6 Qxe6 31. Qxb7 Bd4 32. Re1 Qd7 33. Bxd5+ Qxd5 34. Re8+ 1-0

[Event "ITA-ch U20 81st"]
[Site "Cagliari"]
[Date "2022.11.21"]
[Round "5"]
[White "Rindone, Andrea"]
[Black "Hercegovac, Neven"]
[Result "1-0"]
[WhiteElo "2104"]
[BlackElo "2230"]
[PlyCount "71"]
[EventDate "2022.11.17"]
[EventType "tourn"]
[EventRounds "7"]
[EventCountry "ITA"]
[SourceTitle "CBM 211 Extra"]
[Source "ChessBase"]
[SourceDate "2023.01.31"]
[SourceVersion "1"]
[SourceVersionDate "2023.01.31"]
[SourceQuality "1"]

1. Nf3 c5 2. c4 g6 3. Nc3 Bg7 4. e3 Nf6 5. d4 cxd4 6. exd4 d5 7. cxd5 Nxd5 8. Bc4 Nb6 9. Bb3 0-0 10. 0-0 Nc6 11. d5 Na5 12. Be3 Bg4 13. Re1 Nbc4 14. Bxc4 Nxc4 15. Qb3 Qc8 16. Nd4 Nxe3 17. fxe3 Qc7 18. h3 Bd7 19. Nf3 Bxh3 20. Ne4 Bf5 21. Rac1 Qb8 22. Nc5 b6 23. Na6 Qg3 24. e4 Bg4 25. Nb4 h5 26. Nc6 Bh6 27. Nxe7+ Kh7 28. Ng5+ Bxg5 29. Qxg3 Bxe7 30. d6 Bg5 31. Rc7 Kh6 32. e5 f5 33. exf6 Rxf6 34. Ree7 Rh8 35. Qe5 h4 36. Rf7 1-0

[Event "ITA-ch U20 81st"]
[Site "Cagliari"]
[Date "2022.11.19"]
[Round "3"]
[White "Rindone, Andrea"]
[Black "Cappelletto, Joshuaede"]
[Result "0-1"]
[WhiteElo "2104"]
[BlackElo "2265"]
[PlyCount "98"]
[EventDate "2022.11.17"]
[EventType "tourn"]
[EventRounds "7"]
[EventCountry "ITA"]
[SourceTitle "CBM 211 Extra"]
[Source "ChessBase"]
[SourceDate "2023.01.31"]
[SourceVersion "1"]
[SourceVersionDate "2023.01.31"]
[SourceQuality "1"]

1. d4 Nf6 2. c4 g6 3. Nc3 d5 4. cxd5 Nxd5 5. Bd2 Nb6 6. e4 Qxd4 7. Nf3 Qd8 8. Qc2 Bg7 9. Rd1 Bd7 10. Nb5 Nc6 11. e5 0-0 12. Bc3 Qc8 13. Bd3 a6 14. Nbd4 Nxe5 15. Nxe5 Bxe5 16. h4 Bg7 17. h5 e5 18. hxg6 hxg6 19. Nf3 Bg4 20. Be4 Bxf3 21. gxf3 Qe6 22. Qd2 Qf6 23. Qe3 Rad8 24. Rxd8 Rxd8 25. Bxb7 Nc4 26. Qe2 Qf4 27. 0-0 a5 28. Rd1 Qg5+ 29. Kf1 Nd6 30. Bd5 a4 31. Qe3 Qh4 32. Qc5 Rd7 33. Qc6 Re7 34. Be4 f5 35. Bd5+ Kh7 36. Qa8 Re8 37. Qc6 e4 38. Qxc7 Re7 39. Qxd6 Qh1+ 40. Ke2 exf3+ 41. Kd3 Qxd1+ 42. Kc4 Qe2+ 43. Kb4 Bxc3+ 44. Kxc3 Qe5+ 45. Qxe5 Rxe5 46. Bxf3 g5 47. Kb4 g4 48. Bd1 Re1 49. Bxa4 Re2 0-1

[Event "Bassano del Grappa Spring op 1st"]
[Site "Bassano del Grappa"]
[Date "2021.03.13"]
[Round "2"]
[White "Rindone, Andrea"]
[Black "Bernadskiy, Vitaliy"]
[Result "0-1"]
[WhiteElo "2114"]
[BlackElo "2599"]
[PlyCount "88"]
[EventDate "2021.03.12"]
[EventType "swiss"]
[EventRounds "5"]
[EventCountry "ITA"]
[SourceTitle "CBM 201 Extra"]
[Source "ChessBase"]
[SourceDate "2021.05.31"]
[SourceVersion "1"]
[SourceVersionDate "2021.05.31"]
[SourceQuality "1"]

1. d4 Nf6 2. c4 b6 3. Nf3 Bb7 4. e3 g6 5. Bd3 Bg7 6. 0-0 0-0 7. Nc3 d6 8. e4 Nbd7 9. Re1 e5 10. d5 a5 11. a3 Nh5 12. Be3 Bf6 13. Bf1 Be7 14. b4 Ng7 15. Na4 f5 16. Bh6 fxe4 17. Rxe4 c5 18. bxc5 Nxc5 19. Nxc5 bxc5 20. Bd3 Bc8 21. Re3 Rf7 22. Nd2 Nf5 23. Bxf5 Bxf5 24. Ne4 Bh4 25. g3 Bxe4 26. Rxe4 Bg5 27. Bxg5 Qxg5 28. Rb1 Raf8 29. Rb2 Rf3 30. a4 Qf5 31. Ree2 Qg4 32. Qc2 Ra3 33. Ra2 Rxa2 34. Qxa2 h5 35. Qc2 Rb8 36. Re4 Qf5 37. Kg2 Kg7 38. f3 Rb4 39. g4 hxg4 40. fxg4 Rb2 41. Qxb2 Qxe4+ 42. Kg3 Qf4+ 43. Kh3 Qf3+ 44. Kh4 g5+ 0-1

[Event "Bassano del Grappa op"]
[Site "Bassano del Grappa"]
[Date "2021.02.13"]
[Round "2"]
[White "Herega, Nejc"]
[Black "Rindone, Andrea"]
[Result "0-1"]
[WhiteElo "2052"]
[BlackElo "2150"]
[PlyCount "72"]
[EventDate "2021.02.12"]
[EventType "swiss"]
[EventRounds "9"]
[EventCountry "ITA"]
[SourceTitle "EXT 2023"]
[Source "ChessBase"]
[SourceDate "2022.10.05"]
[SourceVersion "1"]
[SourceVersionDate "2022.10.05"]
[SourceQuality "1"]

1. Nf3 Nf6 2. c4 e6 3. g3 d5 4. Bg2 dxc4 5. Qa4+ Bd7 6. Qxc4 c5 7. 0-0 Bc6 8. Nc3 Nbd7 9. d3 Be7 10. a4 0-0 11. Bf4 Nd5 12. Ne5 Nxf4 13. Nxc6 Nxe2+ 14. Nxe2 bxc6 15. Nf4 Bf6 16. Rab1 Bd4 17. Qa6 Ne5 18. b4 Rb8 19. b5 g5 20. Ne2 Nxd3 21. Nxd4 Qxd4 22. Qxa7 cxb5 23. axb5 Rfd8 24. Qe7 h6 25. Bc6 c4 26. Ra1 c3 27. Ra7 Rf8 28. Rd7 Qc4 29. Qf6 c2 30. Rd4 c1Q 31. Rxc4 Qxc4 32. Qxh6 Qg4 33. f3 Qd4+ 34. Kg2 Qg7 35. Qh5 Ne5 36. f4 Nxc6 0-1

[Event "Imola op 3rd"]
[Site "Imola"]
[Date "2020.12.06"]
[Round "3"]
[White "Rindone, Andrea"]
[Black "Basso, Pier Luigi"]
[Result "0-1"]
[WhiteElo "2150"]
[BlackElo "2581"]
[PlyCount "50"]
[EventDate "2020.12.05"]
[EventType "swiss"]
[EventRounds "6"]
[EventCountry "ITA"]
[SourceTitle "CBM 199 Extra"]
[Source "ChessBase"]
[SourceDate "2021.01.31"]
[SourceVersion "1"]
[SourceVersionDate "2021.01.31"]
[SourceQuality "1"]

1. d4 g6 2. e4 Bg7 3. Nc3 c6 4. Be3 d5 5. e5 f6 6. exf6 Nxf6 7. Nf3 0-0 8. Qd2 b5 9. Bd3 Nbd7 10. h4 Nb6 11. Ne5 Ng4 12. Nxg4 Bxg4 13. h5 e5 14. Bh6 exd4 15. Bxg7 Qe7+ 16. Ne2 Qxg7 17. hxg6 hxg6 18. f3 Bf5 19. Bxf5 Rxf5 20. Qxd4 Re5 21. Kf1 Rae8 22. Re1 Nc4 23. Qc3 b4 24. Qd3 Re3 25. Qd1 Rxf3+ 0-1

[Event "Spilimbergo op 18th"]
[Site "Spilimbergo"]
[Date "2020.08.12"]
[Round "5"]
[White "Loiacono, Antonio"]
[Black "Rindone, Andrea"]
[Result "1-0"]
[WhiteElo "2314"]
[BlackElo "2014"]
[PlyCount "79"]
[EventDate "2020.08.09"]
[EventType "swiss"]
[EventRounds "9"]
[EventCountry "ITA"]
[SourceTitle "CBM 197 Extra"]
[Source "ChessBase"]
[SourceDate "2020.09.30"]
[SourceVersion "1"]
[SourceVersionDate "2020.09.30"]
[SourceQuality "1"]

1. Nf3 Nf6 2. c4 c5 3. Nc3 b6 4. e3 Bb7 5. d4 cxd4 6. exd4 g6 7. Be2 Bg7 8. 0-0 0-0 9. d5 d6 10. Nd4 Nbd7 11. Be3 Rc8 12. Ncb5 a6 13. Na7 Rc7 14. Nac6 Qe8 15. Rc1 Nb8 16. Nxb8 Qxb8 17. a4 Qa8 18. Nc6 Bxc6 19. dxc6 Qxc6 20. Bf3 Ne4 21. b4 f5 22. Qb3 Kh8 23. Bxe4 fxe4 24. b5 axb5 25. cxb5 Qb7 26. Rxc7 Qxc7 27. Rc1 Qa7 28. Rc6 Rb8 29. Bxb6 Qd7 30. a5 d5 31. a6 d4 32. a7 Ra8 33. Qe6 Qxe6 34. Rxe6 d3 35. Kf1 Bc3 36. Rxe4 e5 37. Rc4 Bd4 38. Bxd4 exd4 39. b6 Re8 40. Rxd4 1-0

[Event "Lignano Sabbiadoro op 6th"]
[Site "Lignano Sabbiadoro"]
[Date "2020.08.05"]
[Round "5"]
[White "Rindone, Andrea"]
[Black "Lumachi, Gabriele"]
[Result "0-1"]
[WhiteElo "2014"]
[BlackElo "2306"]
[PlyCount "58"]
[EventDate "2020.08.01"]
[EventType "swiss"]
[EventRounds "9"]
[EventCountry "ITA"]
[SourceTitle "EXT 2021"]
[Source "ChessBase"]
[SourceDate "2020.10.23"]
[SourceVersion "1"]
[SourceVersionDate "2020.10.23"]
[SourceQuality "1"]

1. d4 Nf6 2. c4 b6 3. Nc3 Bb7 4. f3 d5 5. cxd5 Nxd5 6. e4 Nxc3 7. bxc3 e5 8. Bc4 exd4 9. Qb3 Qd7 10. Nh3 Nc6 11. Ng5 Ne5 12. Bb5 c6 13. cxd4 Qxd4 14. Bb2 Qb4+ 15. Bc3 Qxb5 16. Qxb5 cxb5 17. Bxe5 f6 18. Ne6 fxe5 19. Nc7+ Kd7 20. Nxa8 Bb4+ 21. Ke2 Rxa8 22. Rhd1+ Kc7 23. Rd3 Bc5 24. Rad1 Bc6 25. g3 b4 26. Kd2 a5 27. Kc1 Rf8 28. h4 Bd4 29. Re1 Bb5 0-1

[Event "Imperia op-A 61st"]
[Site "Imperia"]
[Date "2019.09.06"]
[Round "7.6"]
[White "Rindone, Andrea"]
[Black "Ahner, Thomas"]
[Result "0-1"]
[WhiteElo "1958"]
[BlackElo "2151"]
[PlyCount "40"]
[EventDate "2019.09.01"]
[EventType "swiss"]
[EventRounds "9"]
[EventCountry "ITA"]
[SourceTitle "EXT 2024"]
[Source "ChessBase"]
[SourceDate "2023.10.10"]
[SourceVersion "1"]
[SourceVersionDate "2023.10.10"]
[SourceQuality "1"]

1. e4 c5 2. Nf3 d6 3. d4 cxd4 4. Nxd4 Nf6 5. f3 Nc6 6. c4 e5 7. Nc2 Be6 8. Nc3 Be7 9. Be3 0-0 10. Be2 Nh5 11. 0-0 Bg5 12. Nd5 Bxd5 13. cxd5 Bxe3+ 14. Nxe3 Nd4 15. Nc2 Nxc2 16. Qxc2 Qb6+ 17. Kh1 f5 18. Rac1 Ng3+ 19. hxg3 Rf6 20. Qd2 f4 0-1

[Event "Imperia op-A 61st"]
[Site "Imperia"]
[Date "2019.09.04"]
[Round "4.4"]
[White "Rindone, Andrea"]
[Black "Pavesi, Brando"]
[Result "1/2-1/2"]
[WhiteElo "1958"]
[BlackElo "1994"]
[PlyCount "76"]
[EventDate "2019.09.01"]
[EventType "swiss"]
[EventRounds "9"]
[EventCountry "ITA"]
[SourceTitle "EXT 2024"]
[Source "ChessBase"]
[SourceDate "2023.10.10"]
[SourceVersion "1"]
[SourceVersionDate "2023.10.10"]
[SourceQuality "1"]

1. e4 c6 2. d4 d5 3. Nd2 dxe4 4. Nxe4 Nf6 5. Qd3 Nxe4 6. Qxe4 Qd5 7. Qxd5 cxd5 8. Bd3 Nc6 9. c3 g6 10. Bf4 Bg7 11. Kd2 0-0 12. Nf3 Re8 13. Rae1 a6 14. Ne5 Be6 15. Nxc6 bxc6 16. b4 Bd7 17. Bc7 f6 18. f4 Rac8 19. Bb6 Bh6 20. g3 Rb8 21. Bc5 Kf7 22. Bxa6 e5 23. dxe5 fxe5 24. Bd6 Ra8 25. Bf1 exf4 26. Bxf4 Bxf4+ 27. gxf4 Rxe1 28. Kxe1 Ra3 29. Kd2 Bf5 30. c4 dxc4 31. Bxc4+ Be6 32. Bxe6+ Kxe6 33. Kc2 Kd5 34. Kb2 Rf3 35. Rd1+ Kc4 36. Rc1+ Kxb4 37. Rxc6 Rxf4 38. Rc2 h5 1/2-1/2

[Event "Imperia op-A 61st"]
[Site "Imperia"]
[Date "2019.09.03"]
[Round "3.6"]
[White "Rindone, Andrea"]
[Black "Giuberchio, Cesare"]
[Result "1-0"]
[WhiteElo "1958"]
[BlackElo "1929"]
[PlyCount "53"]
[EventDate "2019.09.01"]
[EventType "swiss"]
[EventRounds "9"]
[EventCountry "ITA"]
[SourceTitle "EXT 2024"]
[Source "ChessBase"]
[SourceDate "2023.10.10"]
[SourceVersion "1"]
[SourceVersionDate "2023.10.10"]
[SourceQuality "1"]

1. d4 d5 2. c4 c6 3. Nf3 e6 4. e3 f5 5. Be2 Nf6 6. 0-0 Bd6 7. b3 0-0 8. Ba3 Bxa3 9. Nxa3 Ne4 10. Nc2 Nd7 11. Nce1 b6 12. Nd3 Nc3 13. Qc2 Nxe2+ 14. Qxe2 Nf6 15. Nfe5 dxc4 16. Nb4 a5 17. Nbxc6 Qd6 18. Rfc1 Ba6 19. bxc4 Rfc8 20. Qf3 Bb7 21. d5 Rc7 22. Rd1 exd5 23. cxd5 g6 24. Rac1 Rac8 25. Nc4 Qc5 26. N4xa5 Qd6 27. Nxb7 1-0

[Event "Milan SSM Septembre"]
[Site "Milan"]
[Date "2015.09.13"]
[Round "4"]
[White "Zaccheroni, Dario"]
[Black "Rindone, Andrea"]
[Result "1-0"]
[WhiteElo "1776"]
[BlackElo "1569"]
[PlyCount "93"]
[EventDate "2015.09.10"]
[EventType "swiss"]
[EventRounds "5"]
[EventCountry "ITA"]
[SourceTitle "EXT 2024"]
[Source "ChessBase"]
[SourceDate "2023.10.10"]
[SourceVersion "1"]
[SourceVersionDate "2023.10.10"]
[SourceQuality "1"]

1. d4 d5 2. c4 e6 3. Nc3 Nf6 4. Bg5 Nbd7 5. Nf3 Be7 6. e3 c6 7. a3 h6 8. Bh4 0-0 9. Qc2 Re8 10. Bd3 dxc4 11. Bxc4 Nb6 12. Ba2 Nbd5 13. 0-0 g5 14. Bg3 Nh5 15. Ne4 f5 16. Nc3 Nxg3 17. hxg3 Bd6 18. g4 Nf6 19. gxf5 Qc7 20. fxe6 Bxe6 21. Qg6+ Qg7 22. Bxe6+ Rxe6 23. Qxg7+ Kxg7 24. Rac1 Kg6 25. Rfd1 g4 26. Nh4+ Kg5 27. g3 Rf8 28. d5 cxd5 29. Nxd5 Ne4 30. Nf4 Bxf4 31. exf4+ Kf6 32. Rd7 Rb6 33. b4 Rh8 34. Rcc7 Nd6 35. Ng2 Kg6 36. Ne3 h5 37. Nc4 Nxc4 38. Rxc4 Re8 39. Rc5 Rf6 40. Rxb7 Re1+ 41. Kg2 Ra6 42. Rg5+ Kh6 43. Rb8 Kh7 44. Rxh5+ Rh6 45. Rb7+ Kg6 46. Rxh6+ Kxh6 47. Rxa7 1-0